Sports Quiz

Random Sports Quiz

Athletes hosting Saturday Night Live Quiz Stats

 Plays Quiz not verified by Sporcle

Challenge
Share
Tweet
Embed
Score 0/13 Timer 03:00
0 Plays Today
Sport Athlete % Correct
FootballPeyton Manning
91.8%
FootballEli Manning
85.7%
CyclingLance Armstrong
80.2%
SwimmingMichael Phelps
78.1%
WrestlingDwayne 'The Rock' Johnson
70.7%
BasketballLeBron James
65.3%
BaseballDerek Jeter
65%
FootballTom Brady
59.5%
BasketballCharles Barkley
58.6%
NASCARJeff Gordon
57.8%
TennisAndy Roddick
40.7%
SkateboardingJason Lee
11.7%
Freestyle skiingJonny Moseley
11.4%

You're not logged in!

Compare scores with friends on all Sporcle quizzes.
Join for Free
OR
Log In

You Might Also Like...

Show Comments

Extras

Top Quizzes Today


Score Distribution

Your Account Isn't Verified!

In order to create a playlist on Sporcle, you need to verify the email address you used during registration. Go to your Sporcle Settings to finish the process.

Report this User

Report this user for behavior that violates our Community Guidelines.

Details: